000
00300nam a22001337a 4500
999
_c
528007
_d
528007
003
NUST
038
_a
M.Ramzan
082
_a
363.125
_b
ITE
100
_a
ITE
_9
19513
245
_a
The traffic safety tool box /
_c
ITE
260
_a
washington
_b
ITE
_c
1993
300
_a
257 p, :
_c
25cm
942
_2
ddc
_c
BK